1202 1590 1441 1921 1753 1523 1273 1905 1147 1321 1361 1801 1888 1209 1225 1540 1150 1991 1689 1892 1199 1702 1611 1514 1191 1953 1007 1418 1357 1620 1948 1008 1290 1690 1911 1420 1997 1583 1727 1365 1933 1472 1071 1836 1517 1010 1616 1563 1019 1885 1835 1040 1426 1438 1721 1071 1121 1594 1433 1622 1886 1416 1652 1408 1232 1602 1598 1897 1265 1176 1138 1640 1792 1453 1663 1175 1707 1049 1570 1030 1750 1868 1274 1371 1100 1526 1796 1498 1399 1812 1025 1610 1578 1092 1116 1950 1755 1213 1582 BCNSPRNW ULIB Ver.6.0+V

เปลี่ยนเป็นภาษาไทย

Change to English
 แสดงรายละเอียดบรรณานุกรม
  กลับหน้าหลัก

Brief Record : Get Marc (ISO 2709) : E-mail record : QR code < ปิดหน้าต่าง
LEADER : 00000nam 2200000uu 4500
001    13399124296
003     ULIB
008    150220s2557||||th 000 0 tha d
020    ^a9786169146841
060 04 ^aQV55^bน657ค
100 0  ^aนภัตสร กุมาร์
245 10 ^aคู่มือการใช้ยา/^cนภัตสร กุมาร์
246 0  ^aยา :^bมิตรแท้หรือศัตรูอันร้ายกาจ
260    ^aกรุงเทพฯ :^bบพิธการพิมพ์,^c2557.
300    ^a227 หน้า;^c21 ซม.
650  7 ^aการใช้ยา
650  7 ^aยา^xคู่มือ
945    ^p400^l0^i22877
945    ^p400^l0^i22878
945    ^p400^l0^i22879
945    ^p400^l0^i22880
945    ^p400^l0^i22881
945    ^p400^l0^i22882
945    ^p400^l0^i22883
999    ^aทศพร เกษรทอง
รายการนี้ยังไม่มีแท็ก
คุณยังไม่ได้ล็อกอิน คุณสามารถมีกิจกรรมร่วมกับเว็บไซต์ได้ แต่ต้องล็อกอินก่อน ::
  ล็อกอิน

รายการสื่อสารสนเทศ

ลำดับที่ ประเภท เลขเรียก/บาร์โค้ด สถานที่ สถานะ
1. วิทยาศาสตร์การแพทย์ และสุขภาพ
วิทยาศาสตร์การแพทย์ และสุขภาพ
สถานะ=หนังสือเก่า
QV55 น657ค ฉ.1 
  Barcode: 22877
ห้องสมุดวิทยาเขตนครสวรรค์
►ส่วนจัดเก็บหนังสือเก่า นว.
บนชั้น
  ขอยืม
2. วิทยาศาสตร์การแพทย์ และสุขภาพ
วิทยาศาสตร์การแพทย์ และสุขภาพ
สถานะ=หนังสือเก่า
QV55 น657ค ฉ.2 
  Barcode: 22878
ห้องสมุดวิทยาเขตนครสวรรค์
►ส่วนจัดเก็บหนังสือเก่า นว.
บนชั้น
  ขอยืม
3. วิทยาศาสตร์การแพทย์ และสุขภาพ
วิทยาศาสตร์การแพทย์ และสุขภาพ
สถานะ=หนังสือเก่า
QV55 น657ค ฉ.3 
  Barcode: 22879
ห้องสมุดวิทยาเขตนครสวรรค์
►ส่วนจัดเก็บหนังสือเก่า นว.
บนชั้น
  ขอยืม
4. วิทยาศาสตร์การแพทย์ และสุขภาพ
วิทยาศาสตร์การแพทย์ และสุขภาพ
สถานะ=หนังสือเก่า
QV55 น657ค ฉ.4 
  Barcode: 22880
ห้องสมุดวิทยาเขตนครสวรรค์
►ส่วนจัดเก็บหนังสือเก่า นว.
บนชั้น
  ขอยืม
5. วิทยาศาสตร์การแพทย์ และสุขภาพ
วิทยาศาสตร์การแพทย์ และสุขภาพ
สถานะ=หนังสือเก่า
QV55 น657ค ฉ.5 
  Barcode: 22881
ห้องสมุดวิทยาเขตนครสวรรค์
►ส่วนจัดเก็บหนังสือเก่า นว.
บนชั้น
  ขอยืม
6. วิทยาศาสตร์การแพทย์ และสุขภาพ
วิทยาศาสตร์การแพทย์ และสุขภาพ
สถานะ=หนังสือเก่า
QV55 น657ค ฉ.6 
  Barcode: 22882
ห้องสมุดวิทยาเขตนครสวรรค์
►ส่วนจัดเก็บหนังสือเก่า นว.
บนชั้น
  ขอยืม
7. วิทยาศาสตร์การแพทย์ และสุขภาพ
วิทยาศาสตร์การแพทย์ และสุขภาพ
สถานะ=หนังสือเก่า
QV55 น657ค ฉ.7 
  Barcode: 22883
ห้องสมุดวิทยาเขตนครสวรรค์
►ส่วนจัดเก็บหนังสือเก่า นว.
บนชั้น
  ขอยืม

รายการใกล้เคียง
    ผู้แต่ง [นภัตสร กุมาร์]

    หัวเรื่อง [การใช้ยา]

BibComment


ยังไม่เคยถูกคอมเมนท์

คอมเมนท์ทรัพยากรรายการนี้
  คอมเมนท์: คู่มือการใช้ยา น..


 Copyright 2026. Bcnsprnw @Library